| 000 | 00495nam a22001697a 4500 | ||
|---|---|---|---|
| 003 | SGT | ||
| 020 | _a9788174466792 | ||
| 082 | _a519.5,BHA | ||
| 100 | _aBHARDWAJ,R.S | ||
| 245 | _aBUSINESS STATISTICS | ||
| 250 | _a2ND | ||
| 260 |
_aNEW DELHI _bEXCEL BOOKS _c2013 |
||
| 300 | _a773 | ||
| 650 | _aBUSINESS STATISTICS, MATHEMATICS | ||
| 653 | _aFUNCTIONS IMPORTANCE,LIMITATIONS AND DISTRUST OF STATISTICS,STATISTICAL INVESTIGATION, CLASSIFICATION AND TABULATION OF DATA | ||
| 942 |
_2ddc _cFCM _051 |
||
| 999 |
_c9862 _d9862 |
||